[Event "Budapest FS09 IM-A"]
[Site "Budapest"]
[Date "1993.??.??"]
[Round "?"]
[White "Krutti, Valer"]
[Black "Lehmann, Heinz"]
[Result "1/2-1/2"]
[WhiteElo "2350"]
[BlackElo "2295"]
[PlyCount "104"]
[EventDate "1993.09.??"]
[EventType "tourn"]
[EventRounds "11"]
[EventCountry "HUN"]
[EventCategory "3"]
[SourceTitle "EXT 1997"]
[Source "ChessBase"]
[SourceDate "1996.11.15"]
[SourceVersion "1"]
[SourceVersionDate "1996.11.15"]
[SourceQuality "1"]

1. Nf3 d5 2. g3 g6 3. Bg2 Bg7 4. 0-0 e5 5. d3 Ne7 6. Nbd2 0-0 7. e4 Nbc6 8. Re1 Re8 9. c3 h6 10. b4 d4 11. cxd4 Nxd4 12. a4 Bg4 13. Bb2 Nec6 14. b5 Nxf3+ 15. Bxf3 Bxf3 16. Nxf3 Nd4 17. Bxd4 exd4 18. Rc1 a6 19. Qb3 axb5 20. axb5 Qd6 21. Qc4 Ra3 22. Qxc7 Qf6 23. Nd2 Rxd3 24. Nc4 Re7 25. Qc8+ Kh7 26. Qc5 Re6 27. Qd5 Qe7 28. e5 Rc3 29. Rb1 Qc7 30. Rb4 d3 31. Ra4 d2 32. Nxd2 Rxe5 33. Rxe5 Qxe5 34. Qxe5 Bxe5 35. Re4 Rc5 36. Nc4 Bf6 37. Nd6 g5 38. Kg2 Rd5 39. Nxb7 Rxb5 40. Nd6 Rd5 41. Nc4 Kg6 42. Ne3 Rd4 43. Re8 Rd8 44. Rxd8 Bxd8 45. g4 h5 46. h3 hxg4 47. hxg4 Bb6 48. Nf5 Kf6 49. Kf3 Ke5 50. Ke2 Kf4 51. f3 Bc5 52. Ng7 Ke5 1/2-1/2

[Event "Budapest FS09 IM-A"]
[Site "Budapest"]
[Date "1993.??.??"]
[Round "?"]
[White "Lehmann, Heinz"]
[Black "Borocz, Istvan"]
[Result "1/2-1/2"]
[WhiteElo "2295"]
[BlackElo "2335"]
[PlyCount "151"]
[EventDate "1993.09.??"]
[EventType "tourn"]
[EventRounds "11"]
[EventCountry "HUN"]
[EventCategory "3"]
[SourceTitle "EXT 1997"]
[Source "ChessBase"]
[SourceDate "1996.11.15"]
[SourceVersion "1"]
[SourceVersionDate "1996.11.15"]
[SourceQuality "1"]

1. d4 Nf6 2. c4 g6 3. Nf3 Bg7 4. g3 c5 5. Bg2 0-0 6. 0-0 cxd4 7. Nxd4 Nc6 8. Nc3 Ng4 9. e3 d6 10. h3 Nge5 11. b3 Rb8 12. Nde2 a6 13. f4 Nd7 14. Bb2 Na5 15. Qd2 b5 16. cxb5 axb5 17. Rad1 Bb7 18. Bxb7 Rxb7 19. Nd5 Bxb2 20. Qxb2 b4 21. e4 e6 22. Ne3 Qb6 23. Qd4 Nf6 24. Kg2 Qa6 25. Kf3 e5 26. Qxd6 Rb6 27. Qd3 Qc8 28. Kg2 exf4 29. gxf4 Qb7 30. Ng3 Re8 31. Nd5 Nxd5 32. Qxd5 Nc6 33. e5 Qa6 34. Qf3 Ne7 35. Rd2 Rc6 36. Rfd1 Rc3 37. Qe4 Qa7 38. Re2 Rb8 39. f5 Rxg3+ 40. Kxg3 Nxf5+ 41. Kh2 Ng7 42. Qd4 Qa6 43. Qc4 Qa7 44. Qc6 Ne6 45. Rd7 Qa5 46. Qd6 Rd8 47. Rxd8+ Nxd8 48. Rc2 Ne6 49. Rd2 Qb5 50. Rf2 Qb7 51. Qd3 Qc7 52. Qg3 Qc5 53. h4 h5 54. Kh3 Qc8 55. Kg2 Ng7 56. Qf4 Qb7+ 57. Qf3 Qd7 58. Qe4 Qe7 59. Rc2 Nf5 60. Rc4 Qa7 61. e6 Qxa2+ 62. Rc2 Qxb3 63. exf7+ Qxf7 64. Qf4 Qd5+ 65. Kh2 b3 66. Rd2 Qe6 67. Qc7 Ng7 68. Rd8+ Kh7 69. Qb8 Qe2+ 70. Kg1 Qe3+ 71. Kf1 Qc1+ 72. Ke2 Qc2+ 73. Kf1 Qc4+ 74. Kg2 Qg4+ 75. Kf1 Qf5+ 76. Kg2 1/2-1/2

[Event "Budapest FS09 IM-A"]
[Site "Budapest"]
[Date "1993.??.??"]
[Round "?"]
[White "Lehmann, Heinz"]
[Black "Collas, Didier"]
[Result "0-1"]
[WhiteElo "2295"]
[BlackElo "2260"]
[PlyCount "156"]
[EventDate "1993.09.??"]
[EventType "tourn"]
[EventRounds "11"]
[EventCountry "HUN"]
[EventCategory "3"]
[SourceTitle "EXT 1997"]
[Source "ChessBase"]
[SourceDate "1996.11.15"]
[SourceVersion "1"]
[SourceVersionDate "1996.11.15"]
[SourceQuality "1"]

1. d4 d5 2. c4 c6 3. Nc3 e6 4. e3 Nf6 5. Nf3 Nbd7 6. Qc2 Bd6 7. Be2 0-0 8. 0-0 Qe7 9. b3 dxc4 10. bxc4 e5 11. Bb2 Re8 12. Rfe1 e4 13. Nd2 Nf8 14. f3 exf3 15. Bxf3 Ng4 16. Nf1 c5 17. Nd5 Qg5 18. dxc5 Bxc5 19. Bd4 Ne5 20. Nd2 Bd6 21. Kh1 Qh4 22. Nf1 Ne6 23. Bxe5 Bxe5 24. Rab1 Nc5 25. Red1 Bd7 26. g3 Qg5 27. Qg2 Rac8 28. Nf4 Bf5 29. Rbc1 Qe7 30. g4 Bd7 31. Ng3 g6 32. Nd5 Qh4 33. Ne2 Ba4 34. Rd2 Ne6 35. Ng1 Ng5 36. Qf2 Nxf3 37. Nxf3 Qxf2 38. Rxf2 Bg7 39. Rff1 h6 40. h3 Rc5 41. Nd4 Re4 42. Nb3 Rcxc4 43. Ne7+ Kh7 44. Rxc4 Rxc4 45. Rxf7 Be8 46. Rf4 b5 47. Kg1 Rxf4 48. exf4 Bf7 49. Nc6 Bd5 50. Nb4 Bc4 51. Kf2 Bc3 52. Nc6 Bd5 53. Ncd4 a6 54. Ke3 Kg7 55. Kd3 Be1 56. f5 g5 57. Nc5 Bc4+ 58. Ke3 a5 59. a3 b4 60. axb4 Bxb4 61. Nd3 Kf6 62. Nc6 Bc3 63. Nc5 Be1 64. Ne4+ Kg7 65. f6+ Kg8 66. Nd6 Bb3 67. Ke2 Bb4 68. Nxb4 axb4 69. Kd3 Be6 70. Kd4 b3 71. Kc3 Kh7 72. f7 Kg7 73. Kb2 Bxf7 74. Nf5+ Kg6 75. h4 gxh4 76. Nxh4+ Kg5 77. Nf5 Be6 78. Nd4 Bg8 0-1

[Event "Berliner Sommer 10th"]
[Site "Berlin"]
[Date "1992.??.??"]
[Round "?"]
[White "Korneev, Oleg"]
[Black "Lehmann, Heinz"]
[Result "1-0"]
[WhiteElo "2475"]
[BlackElo "2350"]
[PlyCount "124"]
[EventDate "1992.08.??"]
[EventType "swiss"]
[EventRounds "9"]
[EventCountry "GER"]
[SourceTitle "EXT 1998"]
[Source "ChessBase"]
[SourceDate "1997.11.17"]
[SourceVersion "1"]
[SourceVersionDate "1997.11.17"]
[SourceQuality "1"]

1. e4 c5 2. Nf3 e6 3. d4 cxd4 4. Nxd4 a6 5. Nc3 Nc6 6. Nxc6 bxc6 7. Bd3 d5 8. 0-0 Nf6 9. Re1 Bb7 10. b3 Bb4 11. Bd2 0-0 12. e5 Nd7 13. Qg4 c5 14. a3 Bxc3 15. Bxc3 Re8 16. Bd2 f5 17. exf6 Nxf6 18. Qf4 Ne4 19. Bxe4 dxe4 20. Be3 e5 21. Qg4 Qc8 22. Qe2 Bd5 23. Red1 Be6 24. Rd6 c4 25. b4 Qb7 26. h3 a5 27. Rb6 Qd7 28. b5 Red8 29. Rc6 a4 30. Qh5 Bf7 31. Qxe5 Re8 32. Qc3 Rab8 33. Rb1 Rxb5 34. Rxb5 Qxc6 35. Rg5 Bg6 36. Rc5 Qd6 37. Qxc4+ Bf7 38. Qxa4 h5 39. h4 Rb8 40. g3 Qd1+ 41. Kh2 Qf3 42. Qa6 Rb1 43. Qc8+ Kh7 44. Qf5+ Qxf5 45. Rxf5 Bg6 46. Ra5 Bf7 47. Ra4 Ra1 48. c4 Be6 49. c5 Bg4 50. c6 Bf3 51. g4 Bxg4 52. c7 Ra2 53. Rxe4 Rc2 54. Re7 Kg8 55. Bb6 Kf8 56. Re4 Rc6 57. a4 Rxb6 58. Rxg4 Rc6 59. Rf4+ Ke7 60. a5 Rxc7 61. Ra4 Ra7 62. a6 Kf7 1-0

[Event "BL2-Nord 9192"]
[Site "Germany"]
[Date "1992.??.??"]
[Round "?"]
[White "Lehmann, Heinz"]
[Black "Thal, Olaf"]
[Result "1/2-1/2"]
[WhiteElo "2325"]
[BlackElo "2310"]
[PlyCount "47"]
[EventDate "1991.10.??"]
[EventType "team-tourn"]
[EventRounds "9"]
[EventCountry "GER"]
[SourceTitle "GER-chT2"]
[Source "ChessBase"]
[SourceDate "1999.07.01"]
[SourceVersion "1"]
[SourceVersionDate "1999.07.01"]
[SourceQuality "1"]

1. c4 g6 2. Nc3 Bg7 3. g3 c5 4. Bg2 Nc6 5. e3 e6 6. Nge2 Nge7 7. a3 0-0 8. 0-0 d5 9. cxd5 exd5 10. d4 cxd4 11. Nxd4 Nxd4 12. exd4 Nc6 13. Be3 Be6 14. b4 Rc8 15. Rc1 Qd7 16. Qd2 Rfe8 17. Ne2 Ne7 18. Nf4 Nf5 19. Nxe6 fxe6 20. Bh3 Nd6 21. Qd3 Rc4 22. Rxc4 Nxc4 23. Re1 Qd6 24. Bc1 1/2-1/2

[Event "BL2-Nord 9091"]
[Site "Germany"]
[Date "1991.??.??"]
[Round "?.6"]
[White "Andre, Wolfgang"]
[Black "Lehmann, Heinz"]
[Result "1/2-1/2"]
[WhiteElo "2230"]
[BlackElo "2315"]
[PlyCount "100"]
[EventDate "1990.10.??"]
[EventType "team-tourn"]
[EventRounds "9"]
[EventCountry "GER"]
[SourceTitle "GER-chT2"]
[Source "ChessBase"]
[SourceDate "1999.07.01"]
[SourceVersion "1"]
[SourceVersionDate "1999.07.01"]
[SourceQuality "1"]
[WhiteTeam "Osnabrueck"]
[BlackTeam "Zehlendorf"]
[WhiteTeamCountry "GER"]
[BlackTeamCountry "GER"]

1. e4 c5 2. Nf3 Nc6 3. Nc3 g6 4. d4 cxd4 5. Nxd4 Bg7 6. Be3 Nf6 7. Bc4 Qa5 8. 0-0 0-0 9. Bb3 d6 10. h3 Bd7 11. Re1 Rae8 12. f4 a6 13. Nd5 Qd8 14. Nf3 Nxd5 15. exd5 Na5 16. Bd4 Qc7 17. Bxg7 Kxg7 18. Qd4+ Kg8 19. c3 Qc5 20. Rad1 Nxb3 21. axb3 Qxd4+ 22. Rxd4 e6 23. dxe6 Bxe6 24. b4 d5 25. Kf2 f6 26. Rd2 Kf7 27. Red1 Kg7 28. Re1 Kf7 29. Red1 Kg7 30. Rd4 Bf7 31. b5 axb5 32. Rb4 Re7 33. Rxb5 Rfe8 34. Nd4 Kf8 35. Ra1 Rc7 36. Ra7 Ree7 37. Rb6 Kg7 38. f5 Rcd7 39. fxg6 hxg6 40. Ra8 Rc7 41. Rb8 Rcd7 42. Ra8 Rc7 43. Rd8 Rcd7 44. Rxd7 Rxd7 45. g3 Re7 46. Nb3 Rc7 47. Ke3 Re7+ 48. Kf2 Rc7 49. Nd4 Re7 50. h4 Rd7 1/2-1/2

[Event "Statisztika"]
[Site "Budapest"]
[Date "1991.??.??"]
[Round "8"]
[White "Higatsberger, Michael"]
[Black "Lehmann, Heinz"]
[Result "0-1"]
[WhiteElo "2200"]
[BlackElo "2315"]
[PlyCount "46"]
[EventDate "1991.??.??"]
[EventType "tourn"]
[EventRounds "11"]
[EventCountry "HUN"]
[EventCategory "3"]
[SourceTitle "EXT 1997"]
[Source "ChessBase"]
[SourceDate "1996.11.15"]
[SourceVersion "1"]
[SourceVersionDate "1996.11.15"]
[SourceQuality "1"]

1. c4 Nf6 2. Nc3 e5 3. g3 g6 4. Bg2 Bg7 5. d3 0-0 6. Rb1 a5 7. a3 c6 8. b4 axb4 9. axb4 d5 10. cxd5 Nxd5 11. Bd2 Be6 12. Ne4 h6 13. Nc5 Bc8 14. Qc1 Kh7 15. b5 b6 16. bxc6 Nxc6 17. Na4 Nce7 18. Nxb6 Nxb6 19. Rxb6 Qxb6 20. Bxa8 Be6 21. Bg2 Rc8 22. Qd1 Qb2 23. Nf3 Bb3 0-1